000 00687nam a2200289Ia 4500
005 20260324145329.0
008 008 260324s9999 xx 000 0 eng d
020 _a9780429284328
037 _aEBOOK
040 _aCRL
040 _beng
040 _cCRL
041 _2eng
041 _aeng
084 _qCRL
100 _aJock McCulloch
_91222581
245 0 _aIn the Twilight of Revolution
245 4 _bThe Political Theory of Amilcar Cabral
260 _bTaylor and Francis
260 _c1983
365 _a
365 _b160
856 _uhttp://www.taylorfrancis.com/books/9780429284328
942 _cEBOOK
999 _c1830332
_d1830332